000 00318nam a2200121Ia 4500
008 190216s9999||||xx |||||||||||||| ||und||
100 _aRastogi R P
 Misra R R
245 0 _aIntroduction To Chemical Thermodynamics
260 _bVikas Publishing House
_c1981
300 _a391p
650 _aChemistry
942 _cBK
999 _c2342
_d2342